书目信息 |
| 题名: |
伍步云画集
|
|
| 作者: | 伍步云 绘 | |
| 分册: | ||
| 出版信息: | 北京 人民美术出版社 1983 |
|
| 页数: | 111幅 | |
| 开本: | 19cm | |
| 丛书名: | ||
| 单 册: | ||
| 中图分类: | J221.8 | |
| 科图分类: | ||
| 主题词: | 油画--中国--现代--画册 | |
| 电子资源: | ||
| ISBN: | ||
| 000 | 00593nam0 2200229 45 | |
| 001 | 0183003972 | |
| 005 | 20061116171333.14 | |
| 010 | @b精装@dCNY61.00 | |
| 091 | @aCN@b8027.7634 | |
| 100 | @a19950411d1983 em y0chiy0121 ea | |
| 101 | 0 | @achi |
| 102 | @aCN@b110000 | |
| 105 | @aa z 000yy | |
| 200 | 10 | @a伍步云画集@Awu bu yun hua ji@f伍步云绘 |
| 210 | @a北京@c人民美术出版社@d1983 | |
| 215 | @a111幅@d19cm | |
| 606 | @a油画@y中国@z现代@x画册 | |
| 690 | @aJ221.8@v3 | |
| 701 | 0 | @a伍步云@Awu bu yun@4绘 |
| 801 | 2 | @aCN@bNLC@c20061116 |
| 801 | 0 | @aCN@bTSSF |
| 905 | @a10447@dJ221.8@e106 | |
| 伍步云画集/伍步云绘.-北京:人民美术出版社,1983 |
| 111幅;19cm |
| ISBN (精装):CNY61.00 |
| ● |
| 相关链接 |
|
|
|
|
正题名:伍步云画集
索取号:J221.8/106
 
预约/预借
| 序号 | 登录号 | 条形码 | 馆藏地/架位号 | 状态 | 备注 |
| 1 | 0170904 | 202111767 | 第一样本阅览室/ [索取号:J221.8/106] | 在馆 |